Régimen Concursal : ley 24.522. Actualizada y comentada. Tomo I, Arts. 1° al 31 /
Guardado en:
| Autor Principal: | |
|---|---|
| Formato: | Libro |
| Idioma: | Spanish |
| Publicado: |
Buenos Aires :
La Ley,
2014
|
| Edición: | 1a. ed. |
| Materias: | |
| Etiquetas: |
Agregar Etiqueta
Sin Etiquetas, Sea el primero en etiquetar este registro!
|
| LEADER | 00511nam a22001575a 4500 | ||
|---|---|---|---|
| 001 | DER.der012700 | ||
| 008 | 180615s2014####ag#||||||||||||||#||spa|| | ||
| 005 | 20251114144927.0 | ||
| 245 | 1 | 0 | |a Régimen Concursal : |n Tomo I, |b ley 24.522. Actualizada y comentada. |p Arts. 1° al 31 / |c Dario J. Graziabile. |
| 250 | |a 1a. ed. | ||
| 260 | |a Buenos Aires : |b La Ley, |c 2014 | ||
| 300 | |a 762 p. | ||
| 020 | |a 9789502026084 | ||
| 100 | 1 | |a Graziabile, Dario J. | |
| 650 | 7 | |a QUIEBRA | |
| 859 | |a DERECHO |b BIB. DERECHO |h 346.078 |i GRA |p 005692 |3 Tomo I | ||
